Statistics for Worlds Tallest People

Click here to take the quiz!

General Stats

  • This quiz has been taken 20 times
  • The average score is 4 of 22

Answer Stats

Age:Hieght (Imperial)Answer% Correct
1918-408 ft 11.1 inRobert Wadlow
71%
1980-7 ft 6 inYao Ming
59%
1983-7 ft 9 inSun Ming-Ming
47%
1982-8 ft 3 inSultan Kosen
29%
1868-19058 ft 9.5 inJohn Rogan
29%
1972-7 ft 1 inShaquille O'Neal
29%
1972-7 ft 6 inShawn Bradley
24%
1970-20148 ft 5 inLeonid Stadnyk
24%
1962-20107 ft 7 inManute Bol
18%
1982-8 ft 1 inBrahim Takioullah
12%
1932-698 ft 7.5 inJohn F. Carroll
12%
1957-7 ft 8.5 inGeorge Bell
12%
1881-19048 ft 3 inEdouard Beaupre
6%
1964-828 fr 1.5 in (tallest recorded female)Zeng Jinlian
6%
1835-?8 ft 0.5 inJean-Joseph Brice
6%
1909-638 ft 3 inVaino Myllyrinne
6%
1966-7 ft 2 inDikembe Mutombo
6%
1971-7 ft 7 inGheoghe Muresan
0%
1983-7 ft 6.5 inSlavko Vranes
0%
1992-7 ft 5.8 inSim Bhullar
0%
1984-7 ft 3 inSam Harris
0%
1963-7 ft 2 inGiant silva
0%

Score Distribution

Percentile by Number Answered

Percent of People with Each Score

Your Score History

You have not taken this quiz